Busted Songs - Statistics

General Stats
  • This quiz has been taken 301 times
  • The average score is 5 of 13
Answer Stats
Song % Correct
Year 3000
87%
What I Go To School For
75%
Air Hostess
74%
Crashed The Wedding
74%
You Said No
45%
She Wants To Be Me
34%
Loser Kid
29%
Meet You There
23%
Psycho Girl
20%
Losing You
18%
Better Than This
12%
Without You
12%
Can't Break Thru
10%
No matching quizzes found
Score Distribution
Percent of People with Each Score
Percentile by Number Answered
Your Score History
You have not taken this quiz